000 00561nam a22001937a 4500
999 _c8908
_d8908
003 AR-CdUCM
008 190326b ||||| |||| 00| 0 spa d
040 _aMUNICIPALIDAD PROVINCIAL DEL CUSCO
_cBIBLIOTECA MUNICIPAL DEL CUSCO
082 _a869.512 /
_bOL47
110 _aMercurio
_924750
245 _aOllantay :
_bDrama quechua en castellano /
260 _aLima :
_bMercurio,
_c1977.
300 _a80 paginas ;
_c17 cm.
505 _aContenido :Ollantay
650 _aDrama
_9560
650 _aTeatro quechua
_912176
942 _2ddc
_cLIBROS
945 _arum